[Event "Western Asia-ch U20"]
[Site "Colombo"]
[Date "2023.12.04"]
[Round "8"]
[White "Sumanathilake, Yonal"]
[Black "Nabil Nazar, Mohamed"]
[Result "0-1"]
[WhiteElo "1524"]
[BlackElo "1803"]
[PlyCount "148"]
[EventDate "2023.11.30"]
[EventType "swiss"]
[EventRounds "9"]
[EventCountry "SRI"]
[SourceTitle "CB50_2023"]
[SourceDate "2023.12.13"]
[SourceVersion "1"]
[SourceVersionDate "2023.12.13"]
[SourceQuality "1"]

1. Nf3 c5 2. e3 Nf6 3. c4 e6 4. Nc3 Be7 5. Be2 0-0 6. 0-0 Nc6 7. b3 d5 8. cxd5 Nxd5 9. Qc2 b6 10. Bb2 Bb7 11. Rac1 Qd7 12. a3 Rfd8 13. Rfd1 Rac8 14. Ne4 f5 15. Nc3 Kf8 16. Bc4 a6 17. Bxd5 exd5 18. Na4 Qc7 19. Qxf5+ Kg8 20. d4 Na5 21. Qe6+ Kh8 22. Ne5 Rf8 23. Nf7+ Rxf7 24. Qxf7 Rf8 25. Qh5 Nxb3 26. Rc2 c4 27. Nc3 Qd7 28. Ne2 g6 29. Qh3 Qxh3 30. gxh3 b5 31. Nc1 Na5 32. e4 Kg8 33. Bc3 Nc6 34. exd5 Nd8 35. Bb4 Bxb4 36. axb4 Bxd5 37. Rc3 Nc6 38. Na2 a5 39. bxa5 b4 40. Re3 Ra8 41. Nc1 Rxa5 42. Ne2 Bf7 43. h4 Bd5 44. Re1 c3 45. Nxc3 bxc3 46. Rxc3 Nxd4 47. Rc8+ Kg7 48. Rd1 Nf3+ 49. Kf1 Nxh2+ 50. Kg1 Nf3+ 51. Kg2 Nxh4+ 52. Kh3 Be6+ 53. Kxh4 Bxc8 54. Rc1 Bf5 55. f4 Ra3 56. Rc7+ Kh6 57. Rc3 Ra4 58. Kg3 Rd4 59. Rc7 Rd3+ 60. Kf2 Rd7 61. Rc1 Kh5 62. Rg1 Rd2+ 63. Kg3 Rd3+ 64. Kf2 Kh6 65. Rc1 Kg7 66. Rc7+ Rd7 67. Rc6 h5 68. Kg3 Rd3+ 69. Kh4 Rh3+ 70. Kg5 Rg3+ 71. Kh4 Rg4+ 72. Kh3 Rxf4+ 73. Kg3 Rg4+ 74. Kf3 Be4+ 0-1

[Event "Veyangoda Queenstar op"]
[Site "Veyangoda"]
[Date "2023.04.19"]
[Round "7"]
[White "Sivathanujan, S."]
[Black "Sumanathilake, Yonal"]
[Result "1-0"]
[WhiteElo "1834"]
[BlackElo "1512"]
[PlyCount "67"]
[EventDate "2023.04.16"]
[EventType "swiss"]
[EventRounds "9"]
[EventCountry "SRI"]
[SourceTitle "EXT 2024"]
[Source "ChessBase"]
[SourceDate "2023.10.10"]
[SourceVersion "1"]
[SourceVersionDate "2023.10.10"]
[SourceQuality "1"]

1. e4 e6 2. d4 d5 3. Bd3 dxe4 4. Bxe4 Nf6 5. Bf3 c5 6. Ne2 Be7 7. 0-0 0-0 8. c4 Nc6 9. Bxc6 bxc6 10. Nbc3 cxd4 11. Nxd4 Qc7 12. Qe2 a6 13. Be3 c5 14. Nb3 Bb7 15. f3 Nd7 16. Rad1 Rac8 17. Rd2 Bc6 18. Rfd1 a5 19. a4 Rb8 20. Nb5 Bxb5 21. axb5 Nf6 22. Qf2 Rfc8 23. Qg3 e5 24. Bg5 Rd8 25. Bxf6 Bxf6 26. Rd5 a4 27. Nxc5 Be7 28. Nd7 f6 29. Qg4 Kf7 30. Qh5+ Kg8 31. Qf5 Kf7 32. Nxb8 Rxb8 33. Qc2 Ra8 34. c5 1-0